Monitor stavu hospodárstva Slovenskej republiky = Monitor of the economy of the Slovak Republic [časť] 1

Guardado en:
Detalles Bibliográficos
Formato: Seriadas
Lenguaje:eslovaco
inglés
Publicado: Bratislava Štatistický úrad Slovenskej republiky 1997
Materias:
Etiquetas: Agregar Etiqueta
Sin Etiquetas, Sea el primero en etiquetar este registro!

MARC

LEADER 00000nas2a2200000 4500
001 s122600
005 20231103122526.9
041 0 |a slo 
041 0 |a eng 
044 |a SK 
245 1 0 |a Monitor stavu hospodárstva Slovenskej republiky = Monitor of the economy of the Slovak Republic  |b [časť] 1 
264 1 |a Bratislava  |b Štatistický úrad Slovenskej republiky  |c 1997 
300 |a 1 zv. 
773 0 |w eu_un_cat*s120066 
610 2 0 |a štatistika republiková 
610 2 0 |a hospodárstvo národné 
610 2 0 |a ukazovatele štatistické